01792nam a2200205Ia 4500001001300000003001000013005001700023008004100040040002500081041000700106100004900113245008700162260002900249300001200278500012300290520108500413650002301498654001101521700005401532B7080-51687 IT-MiCISF20250606101040.0161014s9999||||xx |||||||||||||| ||und|| aIT-MiCISFcIT-MiCISF ait aBatini Federico, Santoni Barbara (a cura di) 0aL'identità sessuale a scuola.bEducare alla diversità e prevenire l'omofobia  a Napoli,bLiguori,c2009 app. 326 a/ scuola, educazione-sessuale, identità-sessuale, omosessualità, mass-media, problemi-sessualità, adolescenza /  aOmosessualità e transessualismo stanno diventando sempre più visibili all'interno della nostra società. Gli studenti delle scuole secondarie discutono di questi argomenti sempre più spesso e cominciano a formare le proprie opinioni e atteggiamenti in proposito. Parallelamente a una diffusione di informazioni, spesso distorte e parziali, cresce la curiosità ma anche l'intolleranza e i casi di bullismo omofobico nei contesti scolastici, con conseguenze anche gravissime per chi ne è fatto oggetto. Pregiudizi sessuali e stereotipi di genere sono così diffusi nella nostra società che spesso insegnanti ed educatori sono a loro volta disinformati e impreparati ad affrontare questi temi. Nell'intento di fornire agli insegnanti strumenti teorici, metodi, attività e pratiche di intervento per la prevenzione del bullismo omofobico e l'educazione alle diversità sessuali, il volume raccoglie contributi da parte di professionisti impegnati in vari ambiti (clinico, sociale, pedagogico), la cui prospettiva è quella dell'ideologia di "gender" oggi dominante. a Sessualitàe005 asaggio aMontano A., Dettore D., Pietrantoni L., Prati G.